| 000 | 00896cab a2200337 4500 | ||
|---|---|---|---|
| 001 | WB3039-42 | ||
| 008 | 090401t1994 xxu||||| |||| 00| 0 eng d | ||
| 035 | _a(Sirsi) u71273 | ||
| 041 | _aeng | ||
| 245 | _aRecovery in Europe | ||
| 260 | _c1994 | ||
| 350 | _a0 | ||
| 490 |
_aEstates Europe _v3(5) October 1994, 6(1) |
||
| 520 | _aGives opinions from Richard Ellis, Hillier Parker and JLW on recovery in European cities by examining rental growth. | ||
| 650 | _aBERLIN | ||
| 650 | _aBRUSSELS | ||
| 650 | _aCOPENHAGEN | ||
| 650 | _aEUROPE | ||
| 650 | _aHILLIER PARKER | ||
| 650 | _aJONES LANG WOOTTON | ||
| 650 | _aLONDON | ||
| 650 | _aOSLO | ||
| 650 | _aPARIS | ||
| 650 | _aRENTAL GROWTH | ||
| 650 | _aRENTS | ||
| 650 | _aCBRE | ||
| 690 | _aPROPERTY-COMMERCIAL PROPERTY-COMMERCIAL PROPERTY MARKET | ||
| 690 | _aOVERSEAS-EUROPE | ||
| 942 | _n0 | ||
| 948 | _c04/03/1997 | ||
| 999 |
_c44909 _d44909 |
||